[Event "Barcelona Sant Marti op 11th"]
[Site "Barcelona"]
[Date "2024.01.18"]
[Round "2"]
[White "Capellades Subirana, Marc"]
[Black "Fernandez Pisonero, Daniel"]
[Result "1-0"]
[WhiteElo "2147"]
[BlackElo "1760"]
[PlyCount "81"]
[EventDate "2024.01.11"]
[EventType "swiss"]
[EventRounds "9"]
[EventCountry "ESP"]
[SourceTitle "CB11_2024"]
[SourceDate "2024.03.13"]
[SourceVersion "1"]
[SourceVersionDate "2024.03.13"]
[SourceQuality "1"]

1. e4 c5 2. Nf3 e6 3. Nc3 a6 4. d4 cxd4 5. Nxd4 Nc6 6. Be3 Qc7 7. Bd3 Nf6 8. 0-0 Be7 9. Qe2 d6 10. h3 Bd7 11. f4 Nxd4 12. Bxd4 Bc6 13. e5 Nd5 14. Nxd5 Bxd5 15. c4 Bc6 16. Qe3 dxe5 17. fxe5 g6 18. Bb6 Qc8 19. Qf2 0-0 20. Be3 Qc7 21. Bh6 Qxe5 22. Bxf8 Rxf8 23. Rae1 Qc7 24. Kh1 b6 25. Be4 a5 26. Bxc6 Qxc6 27. b3 Bc5 28. Qf6 Qc7 29. Rd1 e5 30. Rfe1 Bd4 31. Re4 h5 32. Rd3 b5 33. Rh4 Qd8 34. Qxd8 Rxd8 35. cxb5 f5 36. Rhxd4 exd4 37. b6 Kf7 38. b7 Ke6 39. Rxd4 Rb8 40. Ra4 Rxb7 41. Rxa5 1-0

[Event "Pobla de Lillet op 32nd"]
[Site "La Pobla de Lillet"]
[Date "2023.08.06"]
[Round "5"]
[White "Aloma Vidal, Roberto"]
[Black "Capellades Subirana, Marc"]
[Result "1-0"]
[WhiteElo "2443"]
[BlackElo "2222"]
[PlyCount "53"]
[EventDate "2023.08.02"]
[EventType "swiss"]
[EventRounds "9"]
[EventCountry "ESP"]
[SourceTitle "CBM 215 Extra"]
[Source "ChessBase"]
[SourceDate "2023.09.30"]
[SourceVersion "1"]
[SourceVersionDate "2023.09.30"]
[SourceQuality "1"]

1. g3 e5 2. c4 Nf6 3. Bg2 Nc6 4. Nc3 Bb4 5. Nd5 0-0 6. a3 Bd6 7. Nc3 b6 8. b4 Rb8 9. d3 Bb7 10. e4 a5 11. b5 Nd4 12. f4 Ne8 13. Nge2 Bc5 14. Ra2 d6 15. Nxd4 Bxd4 16. Ne2 Bc5 17. f5 g6 18. Bh3 g5 19. Bg4 Ng7 20. h4 h5 21. Nc3 gxh4 22. Rxh4 hxg4 23. Qxg4 f6 24. Rah2 Kf7 25. Rh7 Rg8 26. Qg6+ Kf8 27. Rxg7 1-0

[Event "Barcelona La Lira op 14th"]
[Site "Barcelona"]
[Date "2023.06.15"]
[Round "9"]
[White "Millaret Lores, Francesco"]
[Black "Capellades Subirana, Marc"]
[Result "1/2-1/2"]
[WhiteElo "2138"]
[BlackElo "2225"]
[PlyCount "73"]
[EventDate "2023.04.20"]
[EventType "swiss"]
[EventRounds "9"]
[EventCountry "ESP"]
[SourceTitle "EXT 2024"]
[Source "ChessBase"]
[SourceDate "2023.10.10"]
[SourceVersion "1"]
[SourceVersionDate "2023.10.10"]
[SourceQuality "1"]

1. e4 e5 2. Nf3 Nc6 3. Bc4 Bc5 4. c3 Nf6 5. d3 0-0 6. 0-0 d5 7. exd5 Nxd5 8. b4 Be7 9. a4 Bg4 10. h3 Bh5 11. b5 Na5 12. g4 Bg6 13. Nxe5 Bf6 14. Nxg6 hxg6 15. Bxd5 Qxd5 16. Ba3 Rfd8 17. Bb4 Nc4 18. d4 a6 19. bxa6 Rxa6 20. Na3 Nxa3 21. Rxa3 b6 22. Qe2 Rda8 23. Rd1 Qd7 24. Qf3 Rxa4 25. Qxa8+ Rxa8 26. Rxa8+ Kh7 27. Re1 Qd5 28. Ree8 g5 29. Rac8 c5 30. dxc5 Qd1+ 31. Kg2 Qd5+ 32. f3 Be5 33. Rxe5 Qxe5 34. cxb6 Qe2+ 35. Kg3 Qe1+ 36. Kg2 Qe2+ 37. Kg3 1/2-1/2

[Event "Sant Adria de Besos op 17th"]
[Site "Sant Adria de Besos"]
[Date "2023.06.11"]
[Round "8"]
[White "Capellades Subirana, Marc"]
[Black "Fabregas Fontanet, Antonio"]
[Result "1-0"]
[WhiteElo "2365"]
[BlackElo "1973"]
[PlyCount "57"]
[EventDate "2023.04.02"]
[EventType "swiss"]
[EventRounds "9"]
[EventCountry "ESP"]
[SourceTitle "EXT 2024"]
[Source "ChessBase"]
[SourceDate "2023.10.10"]
[SourceVersion "1"]
[SourceVersionDate "2023.10.10"]
[SourceQuality "1"]

1. e4 e5 2. Nf3 Nc6 3. Bc4 Bc5 4. c3 Bb6 5. d4 Qe7 6. 0-0 d6 7. Bb5 Bd7 8. d5 Nb8 9. Bxd7+ Nxd7 10. Nbd2 Ngf6 11. Qe2 a6 12. a4 0-0 13. b4 c6 14. dxc6 bxc6 15. Nh4 d5 16. Nf5 Qe6 17. Qf3 g6 18. Ng3 h5 19. Re1 Rae8 20. h3 h4 21. Ngf1 d4 22. Qd3 Nh5 23. Nf3 c5 24. Nxh4 c4 25. Qf3 Bd8 26. Nf5 gxf5 27. exf5 Qf6 28. Qxh5 dxc3 29. Re4 1-0

[Event "Sant Adria de Besos op 17th"]
[Site "Sant Adria de Besos"]
[Date "2023.05.21"]
[Round "5"]
[White "Ruiz Mata, Oscar"]
[Black "Capellades Subirana, Marc"]
[Result "0-1"]
[WhiteElo "2372"]
[BlackElo "2365"]
[PlyCount "88"]
[EventDate "2023.04.02"]
[EventType "swiss"]
[EventRounds "9"]
[EventCountry "ESP"]
[SourceTitle "EXT 2024"]
[Source "ChessBase"]
[SourceDate "2023.10.10"]
[SourceVersion "1"]
[SourceVersionDate "2023.10.10"]
[SourceQuality "1"]

1. d4 Nf6 2. c4 e6 3. Nc3 Bb4 4. Qc2 d5 5. a3 Bxc3+ 6. Qxc3 Ne4 7. Qc2 0-0 8. Nf3 c5 9. dxc5 a5 10. e3 Na6 11. Bd3 Naxc5 12. 0-0 Nxd3 13. Qxd3 Nc5 14. Qc2 dxc4 15. Rd1 Qf6 16. Qxc4 b6 17. Qd4 Qf5 18. Qe5 Qxe5 19. Nxe5 Nb3 20. Rb1 Bb7 21. f3 Rfd8 22. Re1 Ba6 23. Nc6 Rd6 24. Nd4 Bd3 25. Nxb3 Bxb1 26. e4 Rad8 27. Be3 Bc2 28. Na1 Ba4 29. b3 Bb5 30. Kf2 Rc6 31. a4 Ba6 32. Rb1 f5 33. exf5 exf5 34. Rb2 Rd1 35. Nc2 Rf1+ 36. Kg3 Rg6+ 37. Kh3 f4 38. Bxf4 Bc8+ 39. g4 Rxf3+ 40. Bg3 Rxg4 41. Kg2 Bb7 42. Kh3 Re4 43. Na3 g5 44. Nc4 Rh4+ 0-1

[Event "Barcelona La Lira op 14th"]
[Site "Barcelona"]
[Date "2023.05.04"]
[Round "3"]
[White "Capellades Subirana, Marc"]
[Black "Creixans Comerma, Pol"]
[Result "1/2-1/2"]
[WhiteElo "2225"]
[BlackElo "2008"]
[PlyCount "73"]
[EventDate "2023.04.20"]
[EventType "swiss"]
[EventRounds "9"]
[EventCountry "ESP"]
[SourceTitle "EXT 2024"]
[Source "ChessBase"]
[SourceDate "2023.10.10"]
[SourceVersion "1"]
[SourceVersionDate "2023.10.10"]
[SourceQuality "1"]

1. e4 c5 2. Nf3 Nc6 3. Bb5 Nf6 4. Nc3 Qc7 5. d4 cxd4 6. Nxd4 a6 7. Be2 e5 8. Nxc6 dxc6 9. Bg5 Be7 10. Bxf6 Bxf6 11. Bg4 0-0 12. Bxc8 Raxc8 13. 0-0 Qb6 14. Rb1 Rcd8 15. Qe2 Bg5 16. Rfd1 Rxd1+ 17. Nxd1 Rd8 18. Ne3 g6 19. Nf1 Qd4 20. c3 Qd3 21. Qxd3 Rxd3 22. f3 Kf8 23. Kf2 Ke7 24. Ke2 Rd8 25. Ne3 b5 26. Rc1 c5 27. c4 b4 28. Ra1 Bxe3 29. Kxe3 Rd4 30. b3 a5 31. a4 Kf6 32. Rh1 h6 33. Rg1 Kg7 34. Rb1 g5 35. g4 f6 36. Rh1 Kg8 37. h3 1/2-1/2

[Event "Barcelona La Lira op 14th"]
[Site "Barcelona"]
[Date "2023.04.20"]
[Round "1"]
[White "Capellades Subirana, Marc"]
[Black "Gonzalez Muelas, Javier"]
[Result "1-0"]
[WhiteElo "2225"]
[BlackElo "1642"]
[PlyCount "51"]
[EventDate "2023.04.20"]
[EventType "swiss"]
[EventRounds "9"]
[EventCountry "ESP"]
[SourceTitle "EXT 2024"]
[Source "ChessBase"]
[SourceDate "2023.10.10"]
[SourceVersion "1"]
[SourceVersionDate "2023.10.10"]
[SourceQuality "1"]

1. e4 e5 2. Nf3 Nc6 3. Bc4 Nf6 4. 0-0 Bc5 5. d4 Bxd4 6. Nxd4 Nxd4 7. Bg5 d6 8. f4 Ne6 9. fxe5 Nxg5 10. exf6 gxf6 11. Qd4 Qe7 12. Nc3 Qe5 13. Qxe5+ fxe5 14. Nb5 Kd7 15. h4 a6 16. Nc3 Ne6 17. Rxf7+ Ke8 18. Raf1 Bd7 19. Rxd7 Kxd7 20. Rf7+ Kc6 21. Bxe6 Raf8 22. Rg7 Kb6 23. Nd5+ Ka7 24. Nxc7 Rf4 25. Bd5 Rxh4 26. Ne8 1-0

[Event "Sant Adria de Besos op 17th"]
[Site "Sant Adria de Besos"]
[Date "2023.04.02"]
[Round "1"]
[White "Aballanet Beltran, Eloi"]
[Black "Capellades Subirana, Marc"]
[Result "0-1"]
[WhiteElo "1844"]
[BlackElo "2365"]
[PlyCount "90"]
[EventDate "2023.04.02"]
[EventType "swiss"]
[EventRounds "9"]
[EventCountry "ESP"]
[SourceTitle "EXT 2024"]
[Source "ChessBase"]
[SourceDate "2023.10.10"]
[SourceVersion "1"]
[SourceVersionDate "2023.10.10"]
[SourceQuality "1"]

1. e4 e5 2. Nf3 Nc6 3. Bc4 Bc5 4. c3 Nf6 5. d4 exd4 6. e5 d5 7. exf6 dxc4 8. fxg7 Rg8 9. Qe2+ Qe7 10. Bh6 Qxe2+ 11. Kxe2 Bg4 12. Nbd2 0-0-0 13. Rae1 Rd6 14. Bf4 Rf6 15. Bg3 Rxg7 16. Kd1 dxc3 17. bxc3 Rg8 18. Nxc4 Rxf3 19. gxf3 Bxf3+ 20. Kc1 Bxh1 21. Rxh1 Rg4 22. Ne3 Ra4 23. Kb2 h5 24. h4 Bxe3 25. fxe3 Rg4 26. Be1 Ne5 27. Kb3 Kd7 28. Rh3 Ke6 29. Bg3 Ng6 30. Kc2 c5 31. Kd3 c4+ 32. Ke2 Ne7 33. Kf3 Nd5 34. Be1 Ke5 35. Rh2 Rg1 36. Kf2 Rg6 37. Kf3 Rf6+ 38. Ke2 Ke4 39. Rg2 Ra6 40. Rg5 Rxa2+ 41. Kf1 Nxe3+ 42. Kg1 f5 43. Rxh5 Kf3 44. Rg5 f4 45. h5 Ra1 0-1

[Event "Barcelona La Lira op 39th"]
[Site "Barcelona"]
[Date "2023.02.03"]
[Round "3"]
[White "Capellades Subirana, Marc"]
[Black "Garcia Riera, Josep"]
[Result "1-0"]
[WhiteElo "2207"]
[BlackElo "1832"]
[PlyCount "67"]
[EventDate "2023.01.20"]
[EventType "swiss"]
[EventRounds "8"]
[EventCountry "ESP"]
[SourceTitle "CBM 213 Extra"]
[Source "ChessBase"]
[SourceDate "2023.05.31"]
[SourceVersion "1"]
[SourceVersionDate "2023.05.31"]
[SourceQuality "1"]

1. e4 Nf6 2. Nc3 d5 3. exd5 Nxd5 4. Bc4 Nb6 5. Bb3 Nc6 6. Nf3 Bf5 7. d4 e6 8. Bf4 Bd6 9. Ne5 Bxe5 10. dxe5 Qxd1+ 11. Rxd1 a6 12. Ne2 h6 13. Nd4 Nxd4 14. Rxd4 Ke7 15. Be3 Rhd8 16. Rxd8 Rxd8 17. Ke2 Be4 18. Rc1 Bc6 19. c4 Kf8 20. g4 Nc8 21. Bc2 Ne7 22. f4 Ng6 23. Rf1 Kg8 24. b3 Rd7 25. Bd2 Rd8 26. Bc3 b6 27. Rf2 Bb7 28. Ke3 Ne7 29. f5 exf5 30. gxf5 c5 31. f6 gxf6 32. Rxf6 Nc6 33. Be4 Nxe5 34. Bxe5 1-0

[Event "Barcelona Sant Marti op 10th"]
[Site "Barcelona"]
[Date "2023.01.12"]
[Round "1"]
[White "Capellades Subirana, Marc"]
[Black "Grammatico, Mauro"]
[Result "1-0"]
[WhiteElo "2207"]
[BlackElo "1649"]
[PlyCount "65"]
[EventDate "2023.01.12"]
[EventType "swiss"]
[EventRounds "9"]
[EventCountry "ESP"]
[SourceTitle "CBM 213 Extra"]
[Source "ChessBase"]
[SourceDate "2023.05.31"]
[SourceVersion "1"]
[SourceVersionDate "2023.05.31"]
[SourceQuality "1"]

1. e4 c6 2. d4 d5 3. Nc3 dxe4 4. Nxe4 Bf5 5. Ng3 Bg6 6. Nf3 h6 7. Ne5 Bh7 8. Bc4 e6 9. Qe2 Qe7 10. f4 Nd7 11. Nxd7 Kxd7 12. 0-0 Nf6 13. Bb3 Re8 14. Bd2 Kc8 15. c4 Bg6 16. Rac1 Kb8 17. Bc2 Bxc2 18. Rxc2 h5 19. f5 h4 20. Nh1 Rh5 21. g4 hxg3 22. Nxg3 Rh4 23. Bg5 Rxd4 24. Qe5+ Qd6 25. Bxf6 gxf6 26. Qxf6 exf5 27. Qxf7 Qe6 28. Qxf5 Qxf5 29. Rxf5 Rg4 30. c5 Bg7 31. Kg2 Bd4 32. Rd2 Re5 33. Rxd4 1-0

[Event "Barcelona Vila de Grаcia op 16th"]
[Site "Barcelona"]
[Date "2022.10.14"]
[Round "3"]
[White "Capellades Subirana, Marc"]
[Black "Lobo Pereira, Arami"]
[Result "1-0"]
[WhiteElo "2240"]
[BlackElo "1897"]
[PlyCount "39"]
[EventDate "2022.09.30"]
[EventType "swiss"]
[EventRounds "9"]
[EventCountry "ESP"]
[SourceTitle "EXT 2024"]
[Source "ChessBase"]
[SourceDate "2023.10.10"]
[SourceVersion "1"]
[SourceVersionDate "2023.10.10"]
[SourceQuality "1"]

1. e4 c5 2. Nf3 d6 3. d4 cxd4 4. Nxd4 Nf6 5. Nc3 a6 6. Bg5 e6 7. Qf3 h6 8. Be3 e5 9. Nb3 Bg4 10. Qg3 Qd7 11. f3 Be6 12. 0-0-0 Nc6 13. Nc5 Qc8 14. Nxe6 Qxe6 15. Nd5 0-0-0 16. Qe1 Nd7 17. Qc3 Nc5 18. b4 Na4 19. Qb3 b5 20. c4 1-0

[Event "Barcelona Segura Memorial 2nd"]
[Site "Barcelona"]
[Date "2022.10.05"]
[Round "2"]
[White "Capellades Subirana, Marc"]
[Black "Romeu Viladot, Emili"]
[Result "1-0"]
[WhiteElo "2240"]
[BlackElo "1942"]
[PlyCount "117"]
[EventDate "2022.09.28"]
[EventType "swiss"]
[EventRounds "9"]
[EventCountry "ESP"]
[SourceTitle "EXT 2024"]
[Source "ChessBase"]
[SourceDate "2023.10.10"]
[SourceVersion "1"]
[SourceVersionDate "2023.10.10"]
[SourceQuality "1"]

1. e4 c5 2. Nf3 e6 3. Nc3 a6 4. a4 Qc7 5. d3 Nc6 6. g3 Nf6 7. Bg2 Be7 8. 0-0 0-0 9. d4 cxd4 10. Nxd4 d6 11. Nxc6 bxc6 12. b3 Bb7 13. Bb2 Rfd8 14. Qe2 Rac8 15. Nb1 d5 16. Nd2 c5 17. exd5 exd5 18. Rfe1 Bd6 19. Bxf6 gxf6 20. Bh3 Re8 21. Qh5 Re5 22. Bf5 Rce8 23. Qxh7+ Kf8 24. Qh6+ Ke7 25. Nf3 Rxe1+ 26. Rxe1+ Be5 27. Qh4 Kf8 28. Qh8+ Ke7 29. Qg7 Kd8 30. Nxe5 fxe5 31. Qf6+ Qe7 32. Qb6+ Qc7 33. Qxc7+ Kxc7 34. h4 Kd6 35. f3 d4 36. Kf2 Bd5 37. Bd3 a5 38. h5 Rh8 39. g4 f6 40. Rh1 c4 41. bxc4 Bc6 42. h6 Kc5 43. h7 Bxa4 44. Ke2 Kb4 45. Rb1+ Kc3 46. c5 e4 47. Bxe4 Bxc2 48. Rc1 d3+ 49. Bxd3 Re8+ 50. Be4 Kb3 51. Rxc2 a4 52. c6 a3 53. c7 a2 54. c8Q Rxc8 55. Rxc8 a1Q 56. h8Q Qa6+ 57. Kf2 Qa7+ 58. Kg2 Qa2+ 59. Bc2+ 1-0

[Event "Barcelona Tres Peons op 22nd"]
[Site "Barcelona"]
[Date "2020.02.26"]
[Round "8"]
[White "Cespedes Llaverias, Llibert"]
[Black "Capellades Subirana, Marc"]
[Result "0-1"]
[WhiteElo "2009"]
[BlackElo "2198"]
[PlyCount "94"]
[EventDate "2020.01.08"]
[EventType "swiss"]
[EventRounds "9"]
[EventCountry "ESP"]
[SourceTitle "CBM 195 Extra"]
[Source "ChessBase"]
[SourceDate "2020.05.31"]
[SourceVersion "1"]
[SourceVersionDate "2020.05.31"]
[SourceQuality "1"]

1. e4 e5 2. Nf3 Nc6 3. Bb5 a6 4. Ba4 g6 5. d4 exd4 6. Nxd4 Qe7 7. 0-0 Bg7 8. Nxc6 dxc6 9. Nc3 Bd7 10. Be3 Nf6 11. f3 0-0 12. Qe1 h6 13. Bb3 Kh7 14. Qf2 b6 15. Rfe1 Be6 16. Ne2 c5 17. Bxe6 fxe6 18. Qh4 Qf7 19. Rad1 Ng8 20. Rd2 Bf6 21. Qh3 Rad8 22. Rxd8 Rxd8 23. Nf4 Rd6 24. c3 Bg5 25. e5 Rc6 26. Nd3 Bxe3+ 27. Rxe3 c4 28. Nf2 Rc5 29. Re4 Rd5 30. Ng4 Rd1+ 31. Kf2 Rd2+ 32. Kg3 Rxb2 33. Rf4 Qd7 34. Rd4 Qg7 35. Rf4 Re2 36. Rxc4 c5 37. Ra4 a5 38. Rf4 Rxe5 39. Rf7 Qxf7 40. Nxe5 Qf6 41. Nd7 Qe7 42. Qxe6 Qxe6 43. Nf8+ Kg7 44. Nxe6+ Kf7 45. Nc7 Nf6 46. Kf4 Ne8 47. Ke5 Nxc7 0-1

[Event "Barcelona Sant Marti op 9th"]
[Site "Barcelona"]
[Date "2020.02.20"]
[Round "6"]
[White "Capellades Subirana, Marc"]
[Black "Cervello Tost, Roger"]
[Result "1-0"]
[WhiteElo "2198"]
[BlackElo "2045"]
[PlyCount "87"]
[EventDate "2020.01.16"]
[EventType "swiss"]
[EventRounds "9"]
[EventCountry "ESP"]
[SourceTitle "CBM 195 Extra"]
[Source "ChessBase"]
[SourceDate "2020.05.31"]
[SourceVersion "1"]
[SourceVersionDate "2020.05.31"]
[SourceQuality "1"]

1. e4 e5 2. Nf3 Nc6 3. Bc4 Nf6 4. d3 Bc5 5. c3 d6 6. h3 Be6 7. Bxe6 fxe6 8. Qb3 Qd7 9. Qxb7 0-0 10. Qb3 Nh5 11. Be3 Nf4 12. Bxf4 Rxf4 13. Nbd2 d5 14. Rf1 Rb8 15. Qc2 a5 16. 0-0-0 d4 17. Nc4 dxc3 18. bxc3 Qe7 19. Qa4 Qe8 20. Rd2 Rf8 21. Re1 Rb7 22. Ree2 Qd7 23. Rb2 Qxd3 24. Red2 Qxc3+ 25. Rdc2 Rxf3 26. Rxc3 Rxc3+ 27. Kb1 Rxb2+ 28. Kxb2 Bd4 29. Kb1 Rxc4 30. Qxc4 Nb4 31. Qxc7 Nd3 32. Qe7 h6 33. Qxe6+ Kh8 34. f3 Nf4 35. Qc8+ Kh7 36. g3 Ne2 37. g4 Nc3+ 38. Kc2 Nxa2 39. h4 a4 40. Qf5+ Kh8 41. g5 hxg5 42. hxg5 Nb4+ 43. Kd2 g6 44. Qf8+ 1-0

[Event "Barcelona Sant Marti op 9th"]
[Site "Barcelona"]
[Date "2020.02.06"]
[Round "4"]
[White "Capellades Subirana, Marc"]
[Black "Vidarte Morales, Arturo"]
[Result "1/2-1/2"]
[WhiteElo "2198"]
[BlackElo "2320"]
[PlyCount "100"]
[EventDate "2020.01.16"]
[EventType "swiss"]
[EventRounds "9"]
[EventCountry "ESP"]
[SourceTitle "CBM 195 Extra"]
[Source "ChessBase"]
[SourceDate "2020.05.31"]
[SourceVersion "1"]
[SourceVersionDate "2020.05.31"]
[SourceQuality "1"]

1. e4 c5 2. Nf3 d6 3. d4 cxd4 4. Nxd4 Nf6 5. Nc3 a6 6. Bg5 Nc6 7. Qd2 e6 8. 0-0-0 Bd7 9. Kb1 h6 10. Be3 Rc8 11. f4 b5 12. e5 dxe5 13. Nxc6 Bxc6 14. Qxd8+ Rxd8 15. Rxd8+ Kxd8 16. fxe5 Nd7 17. a4 bxa4 18. Bxa6 Bc5 19. Bb5 Bxb5 20. Bxc5 Nxc5 21. Nxb5 Ke7 22. Re1 Rd8 23. Re2 f5 24. exf6+ gxf6 25. Re3 f5 26. Kc1 Rg8 27. g3 h5 28. b3 axb3 29. cxb3 h4 30. Kc2 hxg3 31. Rxg3 Rh8 32. h3 Ne4 33. Re3 Kf6 34. Nc3 Ng5 35. b4 Nxh3 36. b5 Ng5 37. b6 Rb8 38. Na4 f4 39. Rb3 Ne4 40. Nc3 Nd6 41. Kd3 Kf5 42. Nb5 Nxb5 43. Rxb5+ Kg4 44. Ke4 f3 45. Ke3 e5 46. Rxe5 Rxb6 47. Re8 Rb3+ 48. Kf2 Rb2+ 49. Kf1 Rb4 50. Kf2 Rb2+ 1/2-1/2

[Event "Barcelona Tres Peons op 22nd"]
[Site "Barcelona"]
[Date "2020.01.08"]
[Round "1"]
[White "Capellades Subirana, Marc"]
[Black "Cabot Muntane, Jordi"]
[Result "1-0"]
[WhiteElo "2198"]
[BlackElo "1814"]
[PlyCount "71"]
[EventDate "2020.01.08"]
[EventType "swiss"]
[EventRounds "9"]
[EventCountry "ESP"]
[SourceTitle "CBM 195 Extra"]
[Source "ChessBase"]
[SourceDate "2020.05.31"]
[SourceVersion "1"]
[SourceVersionDate "2020.05.31"]
[SourceQuality "1"]

1. e4 c6 2. d4 d5 3. Nc3 dxe4 4. Nxe4 Nf6 5. Ng5 h6 6. N5f3 Bf5 7. Bd3 Bxd3 8. Qxd3 e6 9. Ne2 Bd6 10. Bd2 Nbd7 11. 0-0-0 Qc7 12. h3 0-0-0 13. c4 g5 14. Kb1 c5 15. Nc3 a6 16. d5 Ne5 17. Nxe5 Bxe5 18. Rhe1 Rhe8 19. Qf3 exd5 20. Nxd5 Nxd5 21. cxd5 Kb8 22. Bc3 Bxc3 23. Rxe8 Rxe8 24. d6 Qc6 25. Qxc3 Rd8 26. Qf6 Rd7 27. f3 Qb5 28. Qe5 Ka7 29. a3 Qc6 30. Rd2 Qb6 31. Qd5 Qc6 32. Qxc6 bxc6 33. Kc2 Kb6 34. Kc3 Rd8 35. Kc4 Rd7 36. Rd3 1-0

[Event "Barcelona Vila de Gracia op 23rd"]
[Site "Barcelona"]
[Date "2019.12.13"]
[Round "8"]
[White "Martinez Pla, Xavier"]
[Black "Capellades Subirana, Marc"]
[Result "1/2-1/2"]
[WhiteElo "2261"]
[BlackElo "2149"]
[PlyCount "86"]
[EventDate "2019.10.11"]
[EventType "swiss"]
[EventRounds "9"]
[EventCountry "ESP"]
[SourceTitle "CBM 194 Extra"]
[Source "ChessBase"]
[SourceDate "2020.03.31"]
[SourceVersion "1"]
[SourceVersionDate "2020.03.31"]
[SourceQuality "1"]

1. e4 e5 2. Nf3 Nc6 3. d4 exd4 4. Nxd4 Nf6 5. Nxc6 bxc6 6. Qe2 Qe7 7. Nc3 d6 8. Bg5 h6 9. Bd2 g6 10. 0-0-0 Bg7 11. h3 a5 12. f4 Ba6 13. Qf3 0-0 14. g4 Bxf1 15. Rhxf1 Rab8 16. Rfe1 Rfe8 17. a3 Nd7 18. e5 d5 19. Na4 g5 20. fxg5 Nxe5 21. Qg3 hxg5 22. Bc3 Qd6 23. Qe3 Qg6 24. Qc5 Nc4 25. b3 Nb6 26. Qxa5 Rxe1 27. Rxe1 Ra8 28. Qb4 Nxa4 29. bxa4 Bxc3 30. Qxc3 Qd6 31. Re5 f6 32. Rf5 Rxa4 33. Rxf6 Qxa3+ 34. Qxa3 Rxa3 35. Rxc6 Rxh3 36. Rg6+ Kf7 37. Rxg5 c6 38. Kd2 Rg3 39. c4 Kf6 40. Rf5+ Ke6 41. cxd5+ cxd5 42. Rg5 Kd6 43. Ke2 Ke6 1/2-1/2

[Event "Barcelona Tey op-A 1st"]
[Site "Barcelona"]
[Date "2019.12.04"]
[Round "9.2"]
[White "Comellas Blanchart, Jordi"]
[Black "Capellades Subirana, Marc"]
[Result "1/2-1/2"]
[WhiteElo "2048"]
[BlackElo "2149"]
[PlyCount "26"]
[EventDate "2019.10.09"]
[EventType "swiss"]
[EventRounds "9"]
[EventCountry "ESP"]
[SourceTitle "EXT 2024"]
[Source "ChessBase"]
[SourceDate "2023.10.10"]
[SourceVersion "1"]
[SourceVersionDate "2023.10.10"]
[SourceQuality "1"]

1. e4 e5 2. Nf3 Nc6 3. Nc3 Nf6 4. d4 Bb4 5. Nxe5 Qe7 6. Qd3 Nxe5 7. dxe5 Qxe5 8. Bd2 0-0 9. 0-0-0 d6 10. f3 Be6 11. Kb1 Nh5 12. g3 d5 13. Nxd5 Bxd2 1/2-1/2

[Event "Barcelona Tey op-A 1st"]
[Site "Barcelona"]
[Date "2019.11.27"]
[Round "8.2"]
[White "Ramoneda Rumi, Aitor"]
[Black "Capellades Subirana, Marc"]
[Result "1/2-1/2"]
[WhiteElo "2132"]
[BlackElo "2149"]
[PlyCount "54"]
[EventDate "2019.10.09"]
[EventType "swiss"]
[EventRounds "9"]
[EventCountry "ESP"]
[SourceTitle "EXT 2024"]
[Source "ChessBase"]
[SourceDate "2023.10.10"]
[SourceVersion "1"]
[SourceVersionDate "2023.10.10"]
[SourceQuality "1"]

1. d4 Nf6 2. Nf3 g6 3. g3 Bg7 4. Bg2 d6 5. c4 Nbd7 6. Nc3 c6 7. 0-0 0-0 8. Qc2 e5 9. Rd1 Qe7 10. dxe5 dxe5 11. e4 Ng4 12. h3 Nh6 13. b3 f5 14. a4 Qf6 15. Ba3 Re8 16. Rd6 Re6 17. Rxe6 Qxe6 18. Rd1 Nf7 19. a5 b6 20. exf5 gxf5 21. Nh4 e4 22. g4 Qf6 23. Nxf5 Qxc3 24. Qxc3 Bxc3 25. Ne7+ Kg7 26. Nxc8 Nde5 27. Ne7 Ng5 1/2-1/2

[Event "Barcelona Vila de Gracia op 23rd"]
[Site "Barcelona"]
[Date "2019.11.15"]
[Round "5"]
[White "Capellades Subirana, Marc"]
[Black "Perez Mitjans, Orelvis"]
[Result "0-1"]
[WhiteElo "2149"]
[BlackElo "2409"]
[PlyCount "92"]
[EventDate "2019.10.11"]
[EventType "swiss"]
[EventRounds "9"]
[EventCountry "ESP"]
[SourceTitle "CBM 194 Extra"]
[Source "ChessBase"]
[SourceDate "2020.03.31"]
[SourceVersion "1"]
[SourceVersionDate "2020.03.31"]
[SourceQuality "1"]

1. e4 e5 2. Nf3 Nc6 3. Bc4 Nf6 4. d3 h6 5. Nc3 d6 6. a4 Be7 7. h3 a6 8. Be3 Na5 9. Ba2 c5 10. Qd2 Nc6 11. Nd5 Nxd5 12. Bxd5 Nd4 13. c3 Nxf3+ 14. gxf3 Bg5 15. f4 exf4 16. Bxf4 Qf6 17. Be3 Rb8 18. f4 Bh4+ 19. Kd1 Be6 20. Bxe6 Qxe6 21. Qg2 Bf6 22. e5 dxe5 23. Bxc5 Qb3+ 24. Kc1 Rc8 25. Ra3 Qe6 26. d4 exd4 27. Qd2 Qd5 28. Re1+ Kd7 29. Bxd4 Qxd4 30. Qxd4+ Bxd4 31. Rd1 Rc4 32. Kc2 Rhc8 33. Kb3 Ke6 34. cxd4 Kd5 35. Raa1 R8c7 36. Re1 Rxd4 37. Re8 Rxf4 38. Rd8+ Ke5 39. Re1+ Kf5 40. Rg1 g5 41. Rd6 f6 42. Rg3 h5 43. Re3 g4 44. Rd5+ Kg6 45. hxg4 hxg4 46. Re8 Rg7 0-1